000 01019cam a22003017a 4500
003 CHAP
005 20220329141453.0
008 971013d1988 es a r 00110 spa d
010 _a68682
011 _a69654
035 _a79131
040 _cCHAP
082 0 4 _a634
_bF4
100 0 0 _aFernández Escobar, R.
_940172
245 1 0 _aPlanificación y diseño de plantaciones frutales
_c/por R. Fernández Escobar
260 _aMadrid :
_bMundi-Prensa,
_c1988.
300 _a222 p.
_b: ilus.
590 _aBATCH-UPD
_b10
_c20130110
_lUCH01
_h0430
590 _aBATCH-UPD
_b10
_c20130410
_lUCH01
_h0105
590 _aBATCH-UPD
_b10
_c20130914
_lUCH01
_h1355
590 _aCONVERSION
_b10
_c20130109
_lUCH01
_h1338
650 1 4 _aFruticultura.
_943684
901 _aBK
942 _cLIBRO
949 _a634 F4
_bBC
_cLIBRO
_d33724000639316
_eLIBRO
_fc.2
_gI.147181
_h75985
_i79131
_sb
_t111.40
949 _a634 F4
_bBC
_cLIBRO
_d33724000972055
_eLIBRO
_gI.145721
_h75669
_i79131
_si
949 _a634 F4
_bF
_cLIBRO
_d-6866
_eLIBRO
_h2748
_i79131
_si
999 _c68682
_d68682